| 000 | 00409nam a2200157Ia 4500 | ||
|---|---|---|---|
| 008 | 241014s9999||||xx |||||||||||||| ||und|| | ||
| 020 | _a978-0849390142 | ||
| 060 | _aQV 785 A 2008 | ||
| 100 | _aLarry L. Augsburger, Stephen W. Hoag | ||
| 245 | 0 | _aPharmaceutical Dosage Forms: Tablets. | |
| 250 | _a3rd | ||
| 260 |
_bInforma Healthcare _c2008 |
||
| 300 | _a639 | ||
| 650 | _aPharmacology | ||
| 942 |
_bDIMC _cBK |
||
| 999 |
_c8088 _d8088 |
||